Normal view MARC view
  • Recluses

Entry Topical Term

Number of records used in: 1

001 - CONTROL NUMBER

  • control field: 92058

003 - CONTROL NUMBER IDENTIFIER

  • control field: NUST

005 - DATE AND TIME OF LATEST TRANSACTION

  • control field: 20220617150805.0

008 - FIXED-LENGTH DATA ELEMENTS

  • fixed length control field: 220617|| aca||aabn | a|a d

040 ## - CATALOGING SOURCE

  • Original cataloging agency: NUST
  • Transcribing agency: NUST

150 ## - HEADING--TOPICAL TERM

  • Topical term or geographic name entry element: Recluses
  • Form subdivision: Fiction

670 ## - SOURCE DATA FOUND

  • Source citation: Work cat.: (NUST)0: Guterson, David. 92057, The other /, 2008.
© 2023 Central Library, National University of Sciences and Technology. All Rights Reserved.